Vedoucí potřebuje informace informace a komunikace v práci vedoucího

Salvato in:
Dettagli Bibliografici
Autore principale: Svatuška, Ladislav
Natura: Libro
Lingua:ceco
Pubblicazione: Praha Svoboda 1971
Serie:Racionalizace práce vedoucího
Tags: Aggiungi Tag
Nessun Tag, puoi essere il primo ad aggiungerne!!

MARC

LEADER 00000nam a2200000 4500
001 c104649
005 20230105083744.1
041 0 |a cze 
044 |a CZ 
245 1 0 |a Vedoucí potřebuje informace  |b informace a komunikace v práci vedoucího  |c Ladislav Svatuška 
264 1 |a Praha  |b Svoboda  |c 1971 
300 |a 127 s. 
490 1 |a Racionalizace práce vedoucího 
830 0 |a Racionalizace práce vedoucího 
100 1 |a Svatuška, Ladislav